[Event "23rd ETCC Open 2021"]
[Site "Catez"]
[Date "2021.11.13"]
[Round "2.56"]
[White "Horvath, Dominik"]
[Black "Seitaj, Ilir"]
[Result "1/2-1/2"]
[WhiteElo "2469"]
[BlackElo "2351"]
[Annotator "ChessBase"]
[PlyCount "110"]
[EventDate "2021.11.08"]
[EventType "team-tourn"]
[EventCountry "SLO"]
[SourceTitle "playchess.com"]
[Source "ChessBase"]
[SourceQuality "1"]
[WhiteTeam "Austria"]
[BlackTeam "Albania"]
[WhiteTeamCountry "AUT"]
[BlackTeamCountry "ALB"]
[TimeControl "40/5400+30:1800+30"]

1. e4 e5 2. Nf3 Nc6 3. d4 exd4 4. Nxd4 Bc5 5. Nb3 Bb6 6. Nc3 d6 7. Qe2 Nge7 8.
Be3 O-O 9. O-O-O f5 10. f4 fxe4 11. Bxb6 axb6 12. Qxe4 Bf5 13. Qf3 Kh8 14. a3
Be6 15. Ne4 Qd7 16. Nf2 Bxb3 17. cxb3 Nf5 18. Bc4 Nfd4 19. Qh3 Qxh3 20. Nxh3 b5
21. Bd5 Ne2+ 22. Kb1 Nxf4 23. Nxf4 Rxf4 24. Rc1 Rf2 25. Bxc6 bxc6 26. Rxc6 Rxg2
27. Rxc7 h5 28. Rc2 Rxc2 29. Kxc2 Kh7 30. Kc3 g5 31. Kb4 Rb8 32. Rd1 Kg6 33.
Rxd6+ Kf5 34. Rd2 h4 35. Kc5 g4 36. a4 bxa4 37. bxa4 Ra8 38. Kb4 Rb8+ 39. Kc5
Ra8 40. Kb4 Rb8+ 41. Ka3 g3 42. hxg3 hxg3 43. b4 Rg8 44. Rg2 Ke5 45. b5 Kd6 46.
Kb4 Rg4+ 47. Ka5 Kc7 48. Rc2+ Kb7 49. Rg2 Ka7 50. b6+ Kb7 51. Kb5 Rg5+ 52. Kc4
Kxb6 53. Kd4 Rg4+ 54. Ke3 Rxa4 55. Rxg3 Ra3+ 1/2-1/2

[Event "23rd ETCC Open 2021"]
[Site "Catez"]
[Date "2021.11.13"]
[Round "2.57"]
[White "Hillarp Persson, Tiger"]
[Black "Pancevski, Filip"]
[Result "1/2-1/2"]
[WhiteElo "2528"]
[BlackElo "2490"]
[Annotator "ChessBase"]
[PlyCount "117"]
[EventDate "2021.11.08"]
[EventType "team-tourn"]
[EventCountry "SLO"]
[SourceTitle "playchess.com"]
[Source "ChessBase"]
[SourceQuality "1"]
[WhiteTeam "Sweden"]
[BlackTeam "Macedonia"]
[WhiteTeamCountry "SWE"]
[BlackTeamCountry "MKD"]
[TimeControl "40/5400+30:1800+30"]

1. d4 Nf6 2. c4 g6 3. Nc3 Bg7 4. e4 d6 5. h3 O-O 6. Be3 e5 7. d5 Na6 8. g4 Nc5
9. f3 h5 10. Qd2 Nh7 11. O-O-O h4 12. Nge2 Bf6 13. Kb1 Bg5 14. f4 exf4 15. Nxf4
Re8 16. Bg2 Nf6 17. Nh5 Nh7 18. Nf4 Nf6 19. Nd3 Bxe3 20. Qxe3 Nxd3 21. Rxd3 Nd7
22. Rd2 Ne5 23. Bf1 a6 24. g5 f6 25. gxf6 Qxf6 26. Rf2 Qe7 27. Qh6 Qh7 28. Qg5
Qe7 29. Qh6 Bd7 30. Rf4 Qg7 31. Qg5 Rf8 32. Qxh4 Nf3 33. Qg3 Rxf4 34. Qxf4 Rf8
35. Qe3 Qd4 36. Qxd4 Nxd4 37. h4 Rf2 38. Bd3 Nf3 39. Be2 Nd4 40. Bd1 Kg7 41.
Kc1 Kh6 42. Re1 Rf4 43. e5 dxe5 44. Rxe5 Nf5 45. Re4 Rxh4 46. Rxh4+ Nxh4 47.
Ne4 g5 48. Nf6 Bf5 49. Kd2 Bg6 50. b4 Kg7 51. Nd7 Bf5 52. Nc5 Bc8 53. Ne4 g4
54. Ke3 b6 55. Kd4 Nf5+ 56. Ke5 g3 57. Bf3 Ne3 58. Nxg3 Nxc4+ 59. Ke4 1/2-1/2

[Event "23rd ETCC Open 2021"]
[Site "Catez"]
[Date "2021.11.13"]
[Round "2.58"]
[White "Nikolovski, Nikola"]
[Black "Blomqvist, Erik"]
[Result "0-1"]
[WhiteElo "2401"]
[BlackElo "2542"]
[Annotator "ChessBase"]
[PlyCount "68"]
[EventDate "2021.11.08"]
[EventType "team-tourn"]
[EventCountry "SLO"]
[SourceTitle "playchess.com"]
[Source "ChessBase"]
[SourceQuality "1"]
[WhiteTeam "Macedonia"]
[BlackTeam "Sweden"]
[WhiteTeamCountry "MKD"]
[BlackTeamCountry "SWE"]
[TimeControl "40/5400+30:1800+30"]

1. e4 c5 2. Nc3 e6 3. f4 d5 4. Nf3 dxe4 5. Nxe4 Nc6 6. Bb5 Bd7 7. Qe2 Nf6 8. f5
e5 9. O-O Be7 10. c3 Qc7 11. Nxf6+ Bxf6 12. d3 O-O-O 13. Ng5 Bxg5 14. Bxg5 f6
15. Be3 Ne7 16. Bxd7+ Rxd7 17. Rad1 Rhd8 18. d4 cxd4 19. cxd4 exd4 20. Rc1 Nc6
21. Bf4 Qa5 22. Qd3 Re8 23. a3 Qd5 24. b4 Kd8 25. Qg3 d3 26. Rcd1 Nd4 27. Kh1
Nxf5 28. Qh3 Re2 29. Rg1 h5 30. Bb8 b6 31. Bf4 g5 32. Qxh5 gxf4 33. Qh8+ Kc7
34. Rc1+ Rc2 0-1

[Event "23rd ETCC Open 2021"]
[Site "Catez"]
[Date "2021.11.13"]
[Round "2.59"]
[White "Johansson, Linus"]
[Black "Risteski, Emil"]
[Result "1-0"]
[WhiteElo "2479"]
[BlackElo "2315"]
[Annotator "ChessBase"]
[PlyCount "121"]
[EventDate "2021.11.08"]
[EventType "team-tourn"]
[EventCountry "SLO"]
[SourceTitle "playchess.com"]
[Source "ChessBase"]
[SourceQuality "1"]
[WhiteTeam "Sweden"]
[BlackTeam "Macedonia"]
[WhiteTeamCountry "SWE"]
[BlackTeamCountry "MKD"]
[TimeControl "40/5400+30:1800+30"]

1. d4 Nf6 2. c4 g6 3. Nc3 Bg7 4. e4 d6 5. Be2 O-O 6. Nf3 e5 7. Be3 exd4 8. Nxd4
Re8 9. f3 c6 10. Bf2 d5 11. exd5 cxd5 12. O-O Nc6 13. c5 Nh5 14. Qd2 Be5 15. g3
Ng7 16. Rfe1 Be6 17. Rad1 Nxd4 18. Bxd4 Bxd4+ 19. Qxd4 Nf5 20. Qf4 Qe7 21. b4
a5 22. a3 axb4 23. axb4 d4 24. Ne4 Red8 25. g4 Ne3 26. Rd2 f5 27. Nd6 Qg7 28.
Rc1 fxg4 29. fxg4 Ra2 30. Rxa2 Bxa2 31. b5 Rf8 32. Qg3 Be6 33. c6 bxc6 34. bxc6
Qf6 35. g5 Qg7 36. c7 Nf5 37. Nxf5 Bxf5 38. Qd6 h6 39. Bc4+ Kh7 40. Be6 Bxe6
41. Qxe6 d3 42. c8=Q d2 43. Qc7 dxc1=Q+ 44. Qxc1 hxg5 45. Qh3+ Kg8 46. Qc4+ Qf7
47. Qxf7+ Kxf7 48. Qh7+ Kf6 49. Qd7 g4 50. Kg2 Rf7 51. Qd4+ Kg5 52. Qh8 Rf4 53.
Qd8+ Kf5 54. Qe7 Re4 55. Qd7+ Kf6 56. Kg3 Re5 57. Qd4 Kf5 58. Qf4+ Ke6 59. Qf8
Rh5 60. Qg7 Kf5 61. Qf7+ 1-0

[Event "23rd ETCC Open 2021"]
[Site "Catez"]
[Date "2021.11.13"]
[Round "2.60"]
[White "Mihov, Filip"]
[Black "Seo, Jung Min"]
[Result "1/2-1/2"]
[WhiteElo "2255"]
[BlackElo "2455"]
[Annotator "ChessBase"]
[PlyCount "60"]
[EventDate "2021.11.08"]
[EventType "team-tourn"]
[EventCountry "SLO"]
[SourceTitle "playchess.com"]
[Source "ChessBase"]
[SourceQuality "1"]
[WhiteTeam "Macedonia"]
[BlackTeam "Sweden"]
[WhiteTeamCountry "MKD"]
[BlackTeamCountry "SWE"]
[TimeControl "40/5400+30:1800+30"]

1. d4 Nf6 2. c4 e6 3. Nc3 Bb4 4. e3 d5 5. a3 Be7 6. Bd3 O-O 7. cxd5 exd5 8.
Nge2 c6 9. O-O Nbd7 10. f3 c5 11. Nf4 Nb6 12. Qc2 Bd6 13. dxc5 Bxc5 14. Nb5
Nbd7 15. Rd1 Qb6 16. Qf2 Re8 17. b4 Bxe3 18. Bxe3 Qxe3 19. Qxe3 Rxe3 20. Nc7
Rb8 21. Nfxd5 Nxd5 22. Nxd5 Re5 23. Rac1 Nf8 24. Nf4 Be6 25. Nxe6 Nxe6 26. Be4
a5 27. Bxb7 axb4 28. axb4 Rb5 29. Rc8+ Rxc8 30. Bxc8 Rxb4 1/2-1/2

[Event "23rd ETCC Open 2021"]
[Site "Catez"]
[Date "2021.11.13"]
[Round "2.61"]
[White "Subelj, Jan"]
[Black "Bogner, Sebastian"]
[Result "1/2-1/2"]
[WhiteElo "2458"]
[BlackElo "2574"]
[Annotator "TA"]
[PlyCount "61"]
[EventDate "2021.11.08"]
[EventType "team-tourn"]
[EventCountry "SLO"]
[SourceTitle "playchess.com"]
[Source "ChessBase"]
[SourceQuality "1"]
[WhiteTeam "Slovenia"]
[BlackTeam "Switzerland"]
[WhiteTeamCountry "SLO"]
[BlackTeamCountry "SUI"]

{[%evp 9,61,18,14,0,0,0,2,-5,0,-22,-2,0,0,0,7,10,4,5,21,15,6,8,21,15,21,13,14,
15,22,14,26,-12,0,-33,0,-18,-26,-32,0,-14,0,0,0,0,0,0,0,0,27,0,0,0,22,0]} 1. e4
c6 2. Nf3 d5 3. d3 g6 4. Nbd2 Bg7 5. d4 {[#]} c5 $146 ({Predecessor:} 5... Nh6
6. h3 O-O 7. c3 Nd7 8. Bd3 e6 9. O-O f6 10. Re1 Nf7 11. a4 a5 12. b4 axb4 13.
cxb4 dxe4 14. Nxe4 {0-1 (46) Pulpan,J (2617)-Fedoseev,V (2913) Chess.com INT
2019}) 6. Bb5+ {B10: Caro-Kann: 2 d3 and 2 c4.} Bd7 7. Bxd7+ Nxd7 8. dxc5 Nxc5
9. Qe2 Nxe4 10. Nxe4 dxe4 11. Qxe4 Qa5+ 12. c3 Qa6 ({Avoid the trap} 12...
Bxc3+ $2 13. bxc3 Qxc3+ 14. Ke2 $18) 13. Qe2 Qxe2+ 14. Kxe2 Nf6 15. Rd1 O-O 16.
Be3 Rfc8 17. a4 {[%cal Ba2a4,Ba4a5,Ba5a6][%mdl 32]} e6 18. a5 Nd5 19. Bd4 Rc7
20. a6 b5 21. Ra5 Rb8 (21... b4 {keeps more tension.} 22. cxb4 Nxb4 23. Be5
Rc2+ 24. Rd2 Rac8) 22. Bxg7 (22. g4 {looks sharper.} b4 23. c4 Nf4+ 24. Ke3
Ng2+ 25. Ke2) 22... Kxg7 23. Nd4 Rc5 (23... b4 $5 {[%cal Rb4c3]} 24. Nb5 Rc5
$15) 24. Nc2 Rc6 25. Rd4 Rbb6 26. Nb4 Nxb4 27. Rxb4 Rc5 28. Rd4 Rcc6 29. Rb4
Rc5 30. Rd4 {Rd7 is the strong threat.} Rcc6 31. Rb4 {A rather calm draw. 
Weighted Error Value: White=0.08/Black=0.07} 1/2-1/2

[Event "23rd ETCC Open 2021"]
[Site "Catez"]
[Date "2021.11.13"]
[Round "2.62"]
[White "Georgiadis, Nico"]
[Black "Tisaj, Domen"]
[Result "1-0"]
[WhiteElo "2553"]
[BlackElo "2369"]
[Annotator "ChessBase"]
[PlyCount "81"]
[EventDate "2021.11.08"]
[EventType "team-tourn"]
[EventCountry "SLO"]
[SourceTitle "playchess.com"]
[Source "ChessBase"]
[SourceQuality "1"]
[WhiteTeam "Switzerland"]
[BlackTeam "Slovenia"]
[WhiteTeamCountry "SUI"]
[BlackTeamCountry "SLO"]
[TimeControl "40/5400+30:1800+30"]

1. e4 c5 2. Nf3 d6 3. d4 cxd4 4. Nxd4 Nf6 5. Nc3 Nc6 6. Bg5 e6 7. Qd2 a6 8.
O-O-O Bd7 9. f4 Be7 10. Nf3 b5 11. Bxf6 gxf6 12. f5 Qb6 13. Kb1 O-O-O 14. Ne2
Kb8 15. Nf4 Bc8 16. Bd3 Na5 17. fxe6 fxe6 18. Qe2 Rhe8 19. h3 d5 20. exd5 e5
21. Nh5 Rxd5 22. Bxh7 Rxd1+ 23. Rxd1 Rh8 24. Bg6 Nc4 25. g4 Qc5 26. Bf7 Bb7 27.
Bxc4 bxc4 28. Nd2 Rd8 29. Ng3 Qd4 30. Nf5 Qd7 31. Nxe7 c3 32. bxc3 Qxe7 33. Nb3
Rc8 34. Kb2 Qc7 35. Qe3 a5 36. a4 Ka8 37. Rf1 Qc6 38. g5 fxg5 39. Qxe5 Qb6 40.
Qxg5 Rc4 41. Rf6 1-0

[Event "23rd ETCC Open 2021"]
[Site "Catez"]
[Date "2021.11.13"]
[Round "2.63"]
[White "Brilej, Jaka"]
[Black "Kurmann, Oliver"]
[Result "1/2-1/2"]
[WhiteElo "2341"]
[BlackElo "2458"]
[Annotator "ChessBase"]
[PlyCount "170"]
[EventDate "2021.11.08"]
[EventType "team-tourn"]
[EventCountry "SLO"]
[SourceTitle "playchess.com"]
[Source "ChessBase"]
[SourceQuality "1"]
[WhiteTeam "Slovenia"]
[BlackTeam "Switzerland"]
[WhiteTeamCountry "SLO"]
[BlackTeamCountry "SUI"]
[TimeControl "40/5400+30:1800+30"]

1. e4 e5 2. d4 exd4 3. Qxd4 Nc6 4. Qd3 Nf6 5. Nc3 d5 6. Bf4 Be6 7. O-O-O Nxe4
8. Nxe4 dxe4 9. Qxe4 Bd6 10. Nf3 Bxf4+ 11. Qxf4 Qe7 12. Bb5 O-O 13. Bxc6 bxc6
14. Rhe1 Qc5 15. Qd4 Qa5 16. a3 Rab8 17. Re3 Rb5 18. Ne5 c5 19. Qc3 Qa4 20. Nd3
Rd8 21. Rde1 Qd4 22. Qxd4 cxd4 23. Re5 Rdd5 24. b4 Kf8 25. Nc5 Rxe5 26. Rxe5
Ke7 27. Re4 a5 28. Rxd4 axb4 29. axb4 Rb8 30. Re4 Kd6 31. Nxe6 fxe6 32. c3 Ra8
33. Kb2 Rf8 34. f3 Rf6 35. Rg4 g6 36. Kb3 Rf5 37. Kc4 g5 38. h4 gxh4 39. Rd4+
Kc6 40. Rxh4 h5 41. Re4 Kd6 42. Kd3 Rg5 43. Re2 h4 44. c4 Rh5 45. c5+ Kd7 46.
Kc4 c6 47. Kd4 h3 48. gxh3 Rxh3 49. Ke4 Rh4+ 50. f4 Rh1 51. Ra2 Re1+ 52. Kd4
Rd1+ 53. Ke5 Re1+ 54. Kd4 Rd1+ 55. Ke4 Re1+ 56. Kf3 Rb1 57. Ra4 Rf1+ 58. Kg4
Rg1+ 59. Kh5 e5 60. fxe5 Re1 61. Kg6 Rxe5 62. Kf6 Re4 63. Kf5 Re1 64. Ra7+ Kc8
65. Rh7 Re2 66. Rh4 Kd7 67. Rd4+ Kc7 68. Re4 Rf2+ 69. Ke6 Rh2 70. Ke5 Rh1 71.
Kd4 Rd1+ 72. Kc3 Rd7 73. Rh4 Kb7 74. Rh6 Kc7 75. Kb3 Rd1 76. Rh7+ Kc8 77. Kc4
Rc1+ 78. Kd4 Rb1 79. Ke5 Rxb4 80. Kd6 Rg4 81. Kxc6 Rg6+ 82. Kb5 Rf6 83. Ra7 Rh6
84. Ra6 Rxa6 85. Kxa6 Kc7 1/2-1/2

[Event "23rd ETCC Open 2021"]
[Site "Catez"]
[Date "2021.11.13"]
[Round "2.64"]
[White "Baenziger, Fabian"]
[Black "Stevanic, David"]
[Result "1-0"]
[WhiteElo "2403"]
[BlackElo "2318"]
[Annotator "TA"]
[PlyCount "173"]
[EventDate "2021.11.08"]
[EventType "team-tourn"]
[EventCountry "SLO"]
[SourceTitle "playchess.com"]
[Source "ChessBase"]
[SourceQuality "1"]
[WhiteTeam "Switzerland"]
[BlackTeam "Slovenia"]
[WhiteTeamCountry "SUI"]
[BlackTeamCountry "SLO"]

{[%evp 15,173,34,41,31,40,31,30,22,66,33,39,33,60,55,59,56,65,0,16,15,31,0,23,
0,42,26,10,9,37,35,86,70,67,59,66,60,107,97,87,104,133,108,132,132,184,122,148,
108,96,100,100,114,130,78,171,178,182,161,172,-3050,314,291,550,536,531,530,
766,729,962,775,1018,1350,1364,1348,1328,1263,1281,1219,1141,952,1258,1179,
1436,1305,1363,1309,1195,1154,887,0,1330,1022,11208,7224,29952,12354,29959,
29965,29945,29948,12820,12820,29964,29961,29953,29949,29962,29950,29949,5131,
5847,5131,5088,7732,7682,7044,7511,5218,4653,4584,2190,1924,5085,5861,5017,
2822,29979,29980,29980,29981,29981,29980,29980,29981,29981,0,29974,0,29981,
29979,29978,29979,29979,29980,29980,29981,29981,29979,29977,29976,29976,29977,
29977,29978,29985,29979,29985,29986,29986,29987]} 1. d4 Nf6 2. c4 g6 3. Nc3 Bg7
4. e4 d6 5. Nf3 O-O 6. Be2 e5 7. O-O Bg4 8. d5 a5 9. Be3 {E94: King's Indian:
Classical: 6 Be2 e5 7 0-0: Various Black 7th moves.} Na6 10. a3 Bd7 11. Nd2 {
White has an edge.} h5 12. f3 Nh7 {[#]} 13. Kh1 $146 ({Predecessor:} 13. Rb1 f5
14. b4 b6 15. c5 axb4 16. axb4 bxc5 17. bxc5 Nxc5 18. Bxc5 dxc5 {0-1 (31)
Yankelevich,L (2416)-Kotronias,V (2522) Belgrade 2021}) 13... f5 14. Rg1 f4 15.
Bf2 g5 16. g3 (16. b4 $14) 16... fxg3 17. Rxg3 Kh8 18. Be3 Bh6 19. Rb1 b6 20.
b4 axb4 21. axb4 Rg8 22. Nf1 h4 (22... Qf6 $14) 23. Rg1 $16 Nf6 24. Bd2 Nh5 25.
Ne3 Qf6 26. Ng4 Bxg4 27. Rxg4 Nf4 28. Bf1 Nb8 29. Nb5 $1 Qf7 (29... c6 $16 {
was worth a try.}) 30. Qb3 ({Better is} 30. Bxf4 $18 exf4 31. Bh3) 30... Nh5
31. Bh3 Nf6 32. Rgg1 {Black must now prevent Be6.} g4 33. Bxh6 gxh3 34. Qe3 (
34. Bg5 $142 {And now Nxc7! would win.} Na6 35. Qe3 (35. Bxh4 Nh5 $16)) 34...
Nh5 (34... Rg2 $16 {keeps fighting.}) 35. Rxg8+ $18 Qxg8 {[%csl Gh3][%cal
Rg8g2] [#]} 36. Rg1 $36 {[%cal Rg1g8][%mdl 2048] Black is under strong
pressure.} Ra1 {[%csl Gh3][%cal Rg8g2]} 37. Bg5 $4 {[%mdl 8192]} (37. Qg5 $18
Rxg1+ 38. Kxg1) 37... Rxg1+ $19 38. Qxg1 Ng3+ $2 (38... Na6 39. Bxh4 Qf7) 39.
hxg3 $18 Qxg5 {[#]} 40. gxh4 Qxh4 41. Nxc7 Nd7 42. Ne6 {[%csl Ge6][%cal Rg1g7]}
Qh6 43. Qg5 Qxg5 44. Nxg5 {[%mdl 4096] Endgame KN-KN} Kg7 45. Ne6+ Kf6 46. Kh2
Nb8 47. Kxh3 Na6 48. b5 Nb8 49. Nd8 Nd7 50. Nc6 Nc5 51. Na7 Ke7 52. Nc6+ $2 ({
Not} 52. Nc8+ Kd7 $16) (52. Kg4 $18 {Strongly threatening f4.} Kd7 53. Nc6)
52... Kd7 $2 {[%mdl 8192]} (52... Kf6 $11) 53. Kg4 Nb3 54. f4 exf4 55. Kxf4 Nd2
56. e5 dxe5+ 57. Nxe5+ Kd6 {[#]} 58. Ke3 $1 Nb3 (58... Nf1+ 59. Kf4) 59. Nd3
Ke7 60. Nf2 Kd6 61. Kd3 Nc5+ 62. Kd4 (62. Kc3 $142 Kd7 63. Nd3 Nb7 64. Kd4 Nd6
65. Nf2 Nf5+ 66. Kd3 Kd6 67. Ne4+ Ke5 68. c5 bxc5 69. b6 Kxd5 70. b7 c4+ 71.
Kc3 Kxe4 72. b8=Q) 62... Nb3+ 63. Kc3 Nc5 64. Nd3 Ne4+ 65. Kd4 Nd2 66. Ne1 Nb3+
67. Kc3 Nc5 68. Nf3 Ne4+ 69. Kd4 Ng3 70. Nd2 {White wants to mate with Ne4+.}
Ne2+ 71. Ke3 Nc1 72. Ne4+ Kc7 73. Kd2 Nb3+ 74. Kc3 Nc1 75. Kd2 Nb3+ 76. Kc3 Nc1
$1 77. Ng3 {White mates.} Kd6 78. Kc2 Na2 79. Ne4+ Ke5 {[#]} 80. d6 $1 Ke6 81.
Kb2 Nb4 82. Kc3 Na2+ 83. Kd4 Nc1 84. c5 bxc5+ 85. Kxc5 Nb3+ 86. Kc4 Na5+ 87.
Kb4 {White used his chance.  Weighted Error Value: White=0.54/Black=0.24} 1-0

[Event "23rd ETCC Open 2021"]
[Site "Catez"]
[Date "2021.11.13"]
[Round "2.65"]
[White "Gretarsson, Hjorvar Steinn"]
[Black "Agopov, Mikael"]
[Result "0-1"]
[WhiteElo "2574"]
[BlackElo "2430"]
[Annotator "ChessBase"]
[PlyCount "72"]
[EventDate "2021.11.08"]
[EventType "team-tourn"]
[EventCountry "SLO"]
[SourceTitle "playchess.com"]
[Source "ChessBase"]
[SourceQuality "1"]
[WhiteTeam "Iceland"]
[BlackTeam "Finland"]
[WhiteTeamCountry "ISL"]
[BlackTeamCountry "FIN"]
[TimeControl "40/5400+30:1800+30"]

1. b3 Nf6 2. Bb2 c5 3. Nf3 g6 4. c4 Bg7 5. g3 d6 6. Bg2 Nc6 7. d4 Ne4 8. O-O
O-O 9. e3 Bg4 10. Qd3 Bxf3 11. Bxf3 Ng5 12. Bxc6 bxc6 13. f4 Ne6 14. Nd2 cxd4
15. exd4 c5 16. Nf3 d5 17. Ne5 dxc4 18. Qxc4 cxd4 19. Nxf7 Kxf7 20. f5 gxf5 21.
Rxf5+ Bf6 22. Re1 Qb6 23. Rb5 Qa6 24. a4 Rfb8 25. Qd5 Rxb5 26. axb5 Qc8 27. Ba3
Rb8 28. Re4 Rb6 29. Qf5 d3 30. Rg4 Qc3 31. Qh5+ Kf8 32. Qh6+ Bg7 33. Qxh7 Qe1+
34. Kg2 Qe2+ 35. Kh3 Qf1+ 36. Kh4 Bf6+ 0-1

[Event "23rd ETCC Open 2021"]
[Site "Catez"]
[Date "2021.11.13"]
[Round "2.66"]
[White "Koykka, Pekka"]
[Black "Hjartarson, Johann"]
[Result "0-1"]
[WhiteElo "2353"]
[BlackElo "2483"]
[Annotator "ChessBase"]
[PlyCount "90"]
[EventDate "2021.11.08"]
[EventType "team-tourn"]
[EventCountry "SLO"]
[SourceTitle "playchess.com"]
[Source "ChessBase"]
[SourceQuality "1"]
[WhiteTeam "Finland"]
[BlackTeam "Iceland"]
[WhiteTeamCountry "FIN"]
[BlackTeamCountry "ISL"]
[TimeControl "40/5400+30:1800+30"]

1. d4 Nf6 2. c4 e6 3. Nc3 Bb4 4. f3 c5 5. d5 d6 6. e4 exd5 7. cxd5 O-O 8. Nge2
Nbd7 9. Ng3 Re8 10. Be2 a6 11. O-O Rb8 12. Bg5 h6 13. Be3 b5 14. Qd2 c4 15. Nf5
Ne5 16. g4 Ba5 17. Bd4 Bb6 18. b4 Bxf5 19. gxf5 Nd3 20. Bxb6 Qxb6+ 21. Kg2 Nxb4
22. a3 Nd3 23. Bxd3 cxd3 24. Qxd3 Rbc8 25. Rfc1 Nd7 26. Ne2 Qd8 27. Qe3 Rxc1
28. Rxc1 Ne5 29. Rc3 Nc4 30. Qd4 Qh4 31. Ng3 Qg5 32. Kf2 h5 33. Qd1 g6 34. Qc1
Qxc1 35. Rxc1 h4 36. Ne2 gxf5 37. exf5 Re5 38. Nc3 Rxf5 39. a4 Ne5 40. Ke2 bxa4
41. Ne4 Rxf3 42. Nxd6 Rh3 43. Rc8+ Kh7 44. Ra8 Rxh2+ 45. Kf1 a3 0-1

[Event "23rd ETCC Open 2021"]
[Site "Catez"]
[Date "2021.11.13"]
[Round "2.67"]
[White "Gretarsson, Helgi Ass"]
[Black "Nyysti, Sampsa"]
[Result "0-1"]
[WhiteElo "2476"]
[BlackElo "2325"]
[Annotator "ChessBase"]
[PlyCount "148"]
[EventDate "2021.11.08"]
[EventType "team-tourn"]
[EventCountry "SLO"]
[SourceTitle "playchess.com"]
[Source "ChessBase"]
[SourceQuality "1"]
[WhiteTeam "Iceland"]
[BlackTeam "Finland"]
[WhiteTeamCountry "ISL"]
[BlackTeamCountry "FIN"]
[TimeControl "40/5400+30:1800+30"]

1. d4 Nf6 2. c4 e6 3. Nc3 Bb4 4. e3 O-O 5. Bd2 c5 6. Nf3 b6 7. Bd3 d5 8. a3
Bxc3 9. Bxc3 dxc4 10. Bxc4 Ba6 11. Bxa6 Nxa6 12. Qe2 cxd4 13. Bxd4 Nc5 14. Bxc5
bxc5 15. O-O Rb8 16. Rfc1 Qb6 17. Rc2 Qb5 18. Kf1 Qxe2+ 19. Kxe2 Rb7 20. Ne5
Rfb8 21. Nd3 Nd7 22. Rd1 Kf8 23. Rdd2 Ke8 24. Rc4 Rb3 25. Ra4 R8b7 26. Rc2 Ke7
27. Rd2 h5 28. Rc4 g6 29. Rcc2 R3b6 30. Kd1 Rd6 31. h4 Rb3 32. Nc1 Rb7 33. Nd3
Rb3 34. Ke2 Rb7 35. f3 Rb3 36. g3 Rb7 37. Rc3 Rb5 38. Kd1 Rb7 39. Kc1 Rb5 40.
Rdc2 c4 41. Nf2 Nb6 42. e4 Rd4 43. Nd1 f5 44. exf5 gxf5 45. Re3 Nd5 46. Re1 Kf6
47. Rce2 Rb6 48. Kc2 Rd3 49. Ne3 Nxe3+ 50. Rxe3 Rdb3 51. Rxb3 Rxb3 52. Rf1 e5
53. Rf2 Ke6 54. Rf1 Kd5 55. Rd1+ Kc5 56. g4 Rxf3 57. gxf5 Rxf5 58. Rd7 a5 59.
Ra7 Kd4 60. Rxa5 Rf2+ 61. Kc1 e4 62. Ra8 e3 63. Rd8+ Ke4 64. Re8+ Kd3 65. Rd8+
Ke2 66. Re8 Rf5 67. Kc2 Kf2 68. a4 e2 69. Kc3 e1=Q+ 70. Rxe1 Kxe1 71. Kxc4 Rf4+
72. Kb5 Rxh4 73. a5 Rh2 74. b4 Ra2 0-1